000 00951nas a2200289 4500
001 BR2017002435
003 BR-BrBNA
005 20231205131058.0
007 ta
008 230509b bl.|||p| |||| 00| 00por d
040 _aBR-BrBNA
_bpor
_cBiblioteca Nacional de Agricultura
041 _a(En)
072 _aF61
100 1 _aCarvalho-Zanão, M.P.
100 1 _aVilla, F.
100 1 _aZanão Júnior, L.A.
245 1 _aGladiolus production and nutritional status as a function of silicon application to the substrate
650 _aGLADÍOLO
650 _aPLANTA ORNAMENTAL
650 _aFLORICULTURA
650 _aSUBSTRATO DE CULTURA
650 _aSILÍCIO
773 0 _tPesquisa Agropecuária Tropical (Brazil)
_xISSN 1983-4063
_g(Apr-Jun 2017), v. 47(2) p. 178-185
_wBR2017002435
856 4 0 _uhttp://www.scielo.br/pdf/pat/v47n2/1983-4063-pat-47-02-0178.pdf
909 _a202311
_bLúcia
_c55
_dLúcia Elande
942 _2AGRIS
_n0
_cANA
999 _c252915
_d252915